000
00365nam a22001577a 4500
003
MPLRDC
005
20220104124104.0
008
210129b ||||| |||| 00| 0 eng d
082
_a
868.71 XH
100
_a
小黑
245
_a
悠悠河水
_c
260
_a
_b
艺青出版社有限公司
_c
300
_b
平
650
_a
马华文学
942
_c
BK
_o
868.71 XH
999
_c
16550
_d
16540